000 00335nam a22001337a 4500
020 _a9789693523096
040 _cNUST
082 _a297.4 AHM
100 _aAhmad Rafiq Akhtar, Prof
_988781
245 _aSultan -e- Naseer
260 _aLAHORE:
_bSang E Meel Publications,
_c2012.
650 _aIslam-Sufism
_989500
942 _2ddc
_cBK
999 _c587776
_d587776